|
|
|
|
| LEADER |
00901nam a2200217 a 4500 |
| 001 |
GR-MES4267 |
| 008 |
991111s1989 gr 000 0 gre d |
| 040 |
|
|
|a GrPaTEI
|b gre
|c GR-PaULI
|
| 245 |
0 |
0 |
|a Δίκαιο αφοπλισμού και ελέγχου των εξοπλισμών
|n 7ος.
|
| 260 |
|
|
|a Αθήνα :
|b ΑΝΤ.Ν.Σάκκουλα,
|c 1989
|
| 300 |
|
|
|a 162σελ.
|
| 650 |
|
4 |
|a Δίκαιο
|
| 650 |
|
4 |
|a ΔΙΚΑΙΟ ΑΦΟΠΛΙΣΜΟΥ
|
| 650 |
|
4 |
|a ΕΞΟΠΛΙΣΜΟΙ
|
| 700 |
1 |
|
|a Περράκη, Στ.
|
| 700 |
1 |
|
|a Χατζηκωνσταντίνου, Κ.
|
| 710 |
0 |
|
|a ΑΝΤ.Ν.Σάκκουλα
|
| 942 |
|
|
|2 ddc
|
| 952 |
|
|
|0 0
|1 0
|2 ddc
|4 0
|6 341_733000000000000_ΠΕΡ
|7 0
|9 268921
|a MSLG
|b MSLG
|c BSC
|d 2021-01-17
|e 24
|f 0
|g 0.00
|l 0
|o 341.733 ΠΕΡ
|p 2420000010708
|r 2021-01-17 00:00:00
|t 1
|w 2021-01-17
|y BK15
|x 19991111 0 1
|x GrPaTEI
|
| 971 |
|
|
|a .b25753137
|b 15-04-20
|c 13-09-16
|
| 999 |
|
|
|c 155028
|d 155028
|